000 01291cab a2200193 4500
001 ##L133245
008 060424n2006 000 0 eng u
035 _a(Sirsi) u133245
041 0 _aeng
100 1 _aWhitmore, James
245 0 0 _aRussian Revolution
260 _c2006
490 0 _aProperty Week
_v71(16) 21 April 2006, 42-45(4)
520 _aChina, India and Russia are the three nations whose commercial property markets are in their infancy but are about to boom. Of these, Russia has the most advanced property market with international occupiers and investors are lining up to make deals. Among them is world's most largest property services firm, CB Richard Ellis who is buying one the dominant four Russian advisory firms, Noble Gibbons. However, foreign investors may be showing signs of false optimism. Critics have claimed that despite economic growth, Russia is underperforming in attracting foreign investment, is riddled with corruption and red tape and needs to diversify away from its dependence on oil and gas. In contrast, others firmly believe that the Russian property market is just too exciting an opportunity to miss out on.
590 _aIKA250406
650 2 4 _aRUSSIA
690 _aPROPERTY-COMMERCIAL PROPERTY-COMMERCIAL PROPERTY MARKET
942 _n0
999 _c76886
_d76886